Thiết kế chiếu sáng nghệ thuật các công trình công cộng và không gian đô thị
Tài liệu gồm 3 phần: Phần 1: Hiệu quả chiếu sáng và chất lượng kiến trúc; Phần 2: Khái niệm, cơ sở của hướng dẫn thiết kế chiếu sáng nghệ thuật các công trình công cộng và không gian đô thị; Phần 3: Kết luận chung và một số kiến...
Saved in:
| Main Author: | |
|---|---|
| Format: | Book |
| Language: | Undetermined |
| Published: |
Hà Nội
Xây dựng
2012
|
| Subjects: | |
| Tags: |
Add Tag
No Tags, Be the first to tag this record!
|
| Institutions: | Trung tâm Học liệu Trường Đại học Cần Thơ |
|---|
| LEADER | 01285nam a2200205Ia 4500 | ||
|---|---|---|---|
| 001 | CTU_181308 | ||
| 008 | 210402s9999 xx 000 0 und d | ||
| 020 | |c 78000 | ||
| 082 | |a 728.28 | ||
| 082 | |b Th304 | ||
| 100 | |a Nguyễn, Đức Thiềm | ||
| 245 | 0 | |a Thiết kế chiếu sáng nghệ thuật các công trình công cộng và không gian đô thị | |
| 245 | 0 | |c Nguyễn Đức Thiềm, Nguyễn Chí Ngọc | |
| 260 | |a Hà Nội | ||
| 260 | |b Xây dựng | ||
| 260 | |c 2012 | ||
| 520 | |a Tài liệu gồm 3 phần: Phần 1: Hiệu quả chiếu sáng và chất lượng kiến trúc; Phần 2: Khái niệm, cơ sở của hướng dẫn thiết kế chiếu sáng nghệ thuật các công trình công cộng và không gian đô thị; Phần 3: Kết luận chung và một số kiến nghị. Sách làm tài liệu tham khảo cho sinh viên kiến trúc và các độc giả quan tâm đến nghệ thuật kiến trúc. | ||
| 650 | |a Electric lighting,Electric lamps,Chiếu sáng bằng điện,Chiếu sáng nghệ thuật | ||
| 910 | |a Nguyên | ||
| 980 | |a Trung tâm Học liệu Trường Đại học Cần Thơ | ||